000
00309nam a22001457a 4500
008
210312b ||||| |||| 00| 0 eng d
020
_a
0935742123
041
_a
eng
080
_a
070
082
_a
070
100
_a
39
101
_a
MED
245
_a
Best NewsPaper Writing 1986
_c
Fry,D
942
_2
udc
_c
BK
999
_c
56537
_d
56537